Normal view
MARC view
Entry Término temático
001 - NÚMERO DE CONTROL
- campo de control: 140519
003 - IDENTIFICADOR DEL NÚMERO DE CONTROL
- campo de control: OSt
005 - FECHA Y HORA DE LA ÚLTIMA TRANSACCIÓN
- campo de control: 20220127155945.0
008 - DATOS DE LONGITUD FIJA
- campo de control de longitud fija: 220127|| aca||aabn | a|a d
040 ## - FUENTE DE LA CATALOGACIÓN
- Centro catalogador/agencia de origen: OSt
- Centro/agencia transcriptor: OSt
150 ## - ENCABEZAMIENTO--TÉRMINO DE MATERIA
- Término de materia o nombre geográfico como elemento de entrada: Pastizales
- Subdivisión general: Manejo I. t. II. Universidad Autónoma Agraria Antonio Narro
670 ## - FUENTE DE DATOS ENCONTRADOS
- Cita de la fuente: Work cat.: (OSt)166437: Cantú Brito, Jesús Enrique 18484, Manejo de pastizales : curso de opción a titulación en las carreras de ingeniro agrónomo zootecnista y médico veterinario /, 1984
